भारतीय बाल शिक्षा कोश / (Record no. 13425)
[ view plain ]
| 000 -LEADER | |
|---|---|
| fixed length control field | 03384nam a22003737a 4500 |
| 005 - DATE AND TIME OF LATEST TRANSACTION | |
| control field | 20080609172054.0 |
| 008 - FIXED-LENGTH DATA ELEMENTS--GENERAL INFORMATION | |
| fixed length control field | 080610t xxu||||| |||| 00| 0 hin d |
| 010 ## - LCCN (DPL NO) | |
| LC control number | HIN-83385 B-283479 |
| 020 ## - INTERNATIONAL STANDARD BOOK NUMBER | |
| International Standard Book Number | 8188032077 |
| Terms of availability | 300.00 |
| 035 ## - SYSTEM CONTROL NUMBER | |
| System control number | HN-55731 B-283479 |
| 035 ## - SYSTEM CONTROL NUMBER | |
| System control number | B-303965-969 |
| 035 ## - SYSTEM CONTROL NUMBER | |
| System control number | B-257327 |
| 037 ## - SOURCE OF ACQUISITION | |
| Source of stock number/acquisition | पु.प्र.अ.प्र /प्रका |
| 040 ## - CATALOGING SOURCE | |
| Original cataloging agency | DPL |
| Language of cataloging | HN |
| 082 ## - DEWEY DECIMAL CLASSIFICATION NUMBER | |
| Classification number | 423 |
| 245 ## - TITLE STATEMENT | |
| Title | भारतीय बाल शिक्षा कोश / |
| Statement of responsibility, etc | अश्वनी दत्त द्वारा संपादित |
| 246 ## - VARYING FORM OF TITLE | |
| Title proper/short title | Bhartiya Bal Shiksha Kosh |
| Remainder of title | Ed by Ashvani Dutt |
| 260 ## - PUBLICATION, DISTRIBUTION, ETC. (IMPRINT) | |
| Place of publication, distribution, etc | दिल्ली |
| Name of publisher, distributor, etc | दिल्ली पुस्तक सदन |
| Date of publication, distribution, etc | 2008 |
| 270 ## - ADDRESS | |
| Address | 30/36, लेन न-9, विश्वास नगर, शाहदरा |
| City | दिल्ली |
| Postal code | 110032 |
| 300 ## - PHYSICAL DESCRIPTION | |
| Extent | 255पृ |
| Dimensions | 22सेमी(सजिल्द) |
| Other physical details | सचित्र |
| 500 ## - GENERAL NOTE | |
| General note | उच्चतर एवं माध्यमिक पाठयक्रमानुसार |
| 700 ## - ADDED ENTRY--PERSONAL NAME | |
| Personal name | दत्त, अश्वनी |
| 9 (RLIN) | 45526 |
| 942 ## - ADDED ENTRY ELEMENTS (KOHA) | |
| Source of classification or shelving scheme | Dewey Decimal Classification |
| Item type | Hindi Books |
| Classification part | 423 |
| Call number suffix | भारती |
| Withdrawn status | Lost status | Damaged status | Not for loan | Collection code | Home library | Current library | Date acquired | Source of acquisition | Cost, normal purchase price | Total Checkouts | Full call number | Barcode | Date last seen | Copy number | Cost, replacement price | Koha item type | Source of classification or shelving scheme | Shelving location | Public note |
|---|---|---|---|---|---|---|---|---|---|---|---|---|---|---|---|---|---|---|---|
| Not For Loan | Non-fiction | Central Library | Central Library | 25/11/2008 | दि.पु.स./132/3.10.08/298/4.9.08/8.10.08 | 300.00 | 423 भारती | B-303965 | 25/11/2008 | 1 | 300.00 | Hindi Books | Dewey Decimal Classification | Reference | |||||
| Not For Loan | Non-fiction | D.B.Act.Division | D.B.Act.Division | 09/06/2008 | पु.प्र.अ.प्र /प्रका | 300.00 | 423 भारती | HN-55731 | 15/09/2008 | 1 | 300.00 | Hindi Books | |||||||
| Not For Loan | Non-fiction | Karol Bagh | Karol Bagh | 25/11/2008 | दि.पु.स./132/3.10.08/298/4.9.08/8.10.08 | 300.00 | 423 भारती | B-303968 | 25/11/2008 | 1 | 300.00 | Hindi Books | Dewey Decimal Classification | Reference | |||||
| Not For Loan | Non-fiction | Patel Nagar | Patel Nagar | 25/11/2008 | दि.पु.स./132/3.10.08/298/4.9.08/8.10.08 | 300.00 | 423 भारती | B-303966 | 25/11/2008 | 1 | 300.00 | Hindi Books | Dewey Decimal Classification | Reference | |||||
| Non-fiction | Sarojini Nagar | Sarojini Nagar | 21/04/2012 | 300.00 | 423 भारती | B-257327 | 21/04/2012 | 300.00 | Hindi Books | Dewey Decimal Classification | Withdrawn List Prepared L.No.43/23 | ||||||||
| Not For Loan | Non-fiction | Shahdara Branch | Shahdara Branch | 25/11/2008 | दि.पु.स./132/3.10.08/298/4.9.08/8.10.08 | 300.00 | 423 भारती | B-303969 | 25/11/2008 | 1 | 300.00 | Hindi Books | Dewey Decimal Classification | Reference | |||||
| Not For Loan | Non-fiction | South Zone Lib (REF) | South Zone Lib (REF) | 25/11/2008 | दि.पु.स./132/3.10.08/298/4.9.08/8.10.08 | 300.00 | 423 भारती | B-303967 | 25/11/2008 | 1 | 300.00 | Hindi Books | Dewey Decimal Classification | Reference | |||||
| Non-fiction | Vinoba Puri | Vinoba Puri | 26/09/2008 | दि.पु.सदन/079/28.7.08/20/15.7.08/29.7.08 | 300.00 | 2 | 423 भारती | B-283479 | 19/08/2013 | 1 | 300.00 | Hindi Books | Dewey Decimal Classification |
